Thermal stability of polymers. V 1. (Record no. 23077)

MARC details
000 -LEADER
fixed length control field 00352nam a2200133Ia 4500
082 ## - DEWEY DECIMAL CLASSIFICATION NUMBER
Classification number 678:536
Item number CON.1;1
245 #0 - TITLE STATEMENT
Title Thermal stability of polymers. V 1.
260 ## - PUBLICATION, DISTRIBUTION, ETC. (IMPRINT)
Place of publication New York
Name of publisher Dekker
Year of publication 1970
650 ## - SUBJECT ADDED ENTRY--TOPICAL TERM
Topical Term Fluorocarbon polymers
650 ## - SUBJECT ADDED ENTRY--TOPICAL TERM
Topical Term Rubber degradation
700 ## - ADDED ENTRY--PERSONAL NAME
Personal name Conley, R T
942 ## - ADDED ENTRY ELEMENTS (KOHA)
Koha item type Books
Holdings
Withdrawn status Lost status Damaged status Not for loan Home library Current library Date acquired Cost, normal purchase price Full call number Accession Number Koha item type
        RRII Library RRII Library 16/12/2021 67.25 678:536 CON.1;1 03782 Books